00919nam a2200265 i 450000100060000000300090000600500170001500700030003200800410003502000180007608000150009408000110010910000360012024500850015625000120024126000600025330000210031349000360033465000370037065100300040783000440043785200330048199900170051495201220053119370ES-MaACL20230906152100.0t|020723s1990 ag ||||1| spa d a950-694-118-1 a321.6(091) a938.921 aMassot, Vicente Gonzalo.97885710aEsparta b: un ensayo sobre el totalitarismo antiguo / cVicente Gonzalo Massot. a1ª ed. aBuenos Aires : bGrupo Editor Latinoamericano, c[1990] a89 p. ; c20 cm.1 aEstudios políticos y sociales14aTotalitarismo-vHistoria.917572 4aEsparta-xHistoria.985330 aEstudios políticos y sociales9228882 aES-MaACLjL-25762 bR.131532 c19370d19370 00104070aATENEOMbATENEOMcDEPO2d2008-01-17eSCl0oL-25762p1019819r2023-02-23 00:00:00w2023-02-23yMONOGRAFIA